Employment Potential Value of Older People in the Countries of European Union 28

Využívanie potenciálu zamestnanosti starších ľudí na trhu práce v krajinách EÚ 28. Faktory, ktoré majú kľúčovú úlohu pri využívaní potenciálu zamestnanosti starších ľudí na trhu práce - zamestnanosť, zdravie, blahobyt a vzdelávanie.

Gespeichert in:
Bibliographische Detailangaben
1. Verfasser: Bartek, Jozef
Format: Buchkapitel
Sprache:Englisch
Schlagworte:
Tags: Tag hinzufügen
Keine Tags, Fügen Sie das erste Tag hinzu!

MARC

LEADER 00000naa a2200000 4500
001 0287231
005 20220811113616.1
041 0 |a eng 
044 |a SK 
245 1 0 |a Employment Potential Value of Older People in the Countries of European Union 28  |c Jozef Bartek 
520 |a Využívanie potenciálu zamestnanosti starších ľudí na trhu práce v krajinách EÚ 28. Faktory, ktoré majú kľúčovú úlohu pri využívaní potenciálu zamestnanosti starších ľudí na trhu práce - zamestnanosť, zdravie, blahobyt a vzdelávanie. 
610 2 0 |a trh práce 
610 2 0 |a sily pracovné 
610 2 0 |a starnutie populácie 
610 2 0 |a zamestnanie 
610 2 0 |a Európska únia 
100 1 |a Bartek, Jozef